[Event "AUT-ch U12"]
[Site "Fuerstenfeld"]
[Date "2024.05.31"]
[Round "3"]
[White "Qi, Louis Yuxiang"]
[Black "Rella, Mario"]
[Result "0-1"]
[WhiteElo "920"]
[BlackElo "1585"]
[PlyCount "38"]
[EventDate "2024.05.30"]
[EventType "swiss"]
[EventRounds "7"]
[EventCountry "AUT"]
[SourceTitle "CBM 220 Extra"]
[Source "ChessBase"]
[SourceDate "2024.07.31"]
[SourceVersion "1"]
[SourceVersionDate "2024.07.31"]
[SourceQuality "1"]

1. e4 c5 2. Nf3 g6 3. d4 cxd4 4. Nxd4 Nf6 5. Nc3 Nc6 6. Be3 Bg7 7. Qd2 Qa5 8. Bc4 Nxe4 9. Nxc6 Qc7 10. Nd4 Nxd2 11. Bxf7+ Kxf7 12. Kxd2 Bxd4 13. Bxd4 e5 14. Be3 Qc6 15. g3 d5 16. Ne2 Bf5 17. c3 Qc4 18. b3 Qd3+ 19. Ke1 Bg4 0-1